Elenca la formazione - Finale UEFA Europa League 2009-2010 - Statistics

Statistiche generali
  • Questo quiz è stato fatto 15 volte
  • Il punteggio medio è 4 su 22
Statistiche sulle risposte
Ruolo Nazione Calciatore % Corretto
Attaccante 'Uruguay Diego Forlán
85%
Attaccante Argentina Sergio Agüero
69%
Portiere Spagna David de Gea
46%
Centrocampista Spagna Raúl García
38%
Difensore Spagna Antonio López
31%
Attaccante Inghilterra Bobby Zamora
31%
Difensore Repubblica Ceca Tomáš Ujfaluši
31%
Attaccante Ungheria Zoltán Gera
23%
Centrocampista Irlanda Damien Duff
15%
Portiere Australia Mark Schwarzer
15%
Centrocampista Irlanda del Nord Danny Murphy
8%
Centrocampista Spagna José Antonio Reyes
8%
Difensore Colombia Luis Amaranto Perea
8%
Centrocampista Brasile Paulo Assunção
8%
Difensore Irlanda del Nord Aaron Hughes
0%
Difensore Spagna Álvaro Domínguez Soto
0%
Difensore Norvegia Brede Hangeland
0%
Difensore Irlanda del Nord Chris Baird
0%
Centrocampista Nigeria Dickson Etuhu
0%
Difensore Inghilterra Paul Konchesky
0%
Centrocampista Portogallo Simão Sabrosa
0%
Centrocampista Galles Simon Davies
0%
Nessun quiz corrispondente trovato
Distribuzione punteggi
Percentuale di utenti per punteggio
Percentile per numero di risposta
I tuoi punteggi nel tempo
Non hai fatto questo quiz